| 000 | 00000nam##2200000za#4500 |
| 001 | 9.640319 |
| 003 | CaOODSP |
| 005 | 20210624222619 |
| 007 | cr ||||||||||| |
| 008 | 150407|2001||||xxc|||||o f|0| 0 fre|d |
| 040 | |aCaOODSP|bfre |
| 043 | |an-cn--- |
| 086 | 1 |aE84-7/2001F-PDF |
| 110 | 1 |aCanada.|bDroits et Démocratie (Centre international des droits de la personne et du développement démocratique) |
| 245 | 10|aBouclier d'or de la Chine : |h[ressource électronique]|bles entreprises et le développement de la technologie de surveillance en Chine / |cpar Greg Walton. |
| 260 | |aMontréal - Québec : |bDroits et Démocratie (Centre international des droits de la personne et du développement démocratique) |cc2001. |
| 300 | |a44p.|bglossaire, références, photographies |
| 500 | |aL'ISBN (2-922084-43-4) de l'édition imprimée a été incorrectement copié dans l'édition électronique. |
| 590 | |a12-24-Supp|b2012-05-30 |
| 691 | 07|aSurveillance électronique|2gcpds |
| 691 | 07|aTechnologie de l'information|2gcpds |
| 691 | 07|aRenseignement de sécurité|2gcpds |
| 691 | 07|aEntreprise|2gcpds |
| 691 | 07|aDroits de la personne|2gcpds |
| 720 | 1 |aWalton, Greg |
| 775 | 08|tChina's golden shield : |w(CaOODSP)9.696199 |
| 776 | 0#|tBouclier d'or de la Chine : |w(CaOODSP)9.681796 |
| 856 | 40|ahttp://publications.gc.ca|qPDF|s2.82 Mo|uhttps://publications.gc.ca/collections/Collection/E84-7-2001F.pdf |